Carregant...
Bodily sensations /
| Autor principal: | |
|---|---|
| Format: | Printed Book |
| Idioma: | English |
| Publicat: |
New York :
Routledge & Kegan Paul,
1962.
|
| LEADER | 00438nam a2200133Ia 4500 | ||
|---|---|---|---|
| 008 | 150624b xxu||||| |||| 00| 0 eng d | ||
| 082 | |a 145 | ||
| 100 | |a Armstrong, D. M. | ||
| 245 | |a Bodily sensations / |c D. M. Armstrong | ||
| 260 | |a New York : |b Routledge & Kegan Paul, |c 1962. | ||
| 300 | |a 132 p. | ||
| 942 | |c BK | ||
| 999 | |c 21345 |d 21345 | ||
| 952 | |0 0 |1 0 |4 0 |6 145_000000000000000_ARM_B |7 0 |9 21344 |a UL |b UL |c ST2 |d 1998-08-28 |l 0 |o 145 ARM/B |p 31350 |r 2012-10-27 |y BK | ||